That's Bull Ship! Quiz Stats

 Plays Quiz not verified by Sporcle

Challenge
Share
Tweet
Embed
Score 0/30 Timer 04:00
0 Plays Today
% Correct
USS John F. Kennedy
95.6%
USS Independence
94.8%
USS Ronald Reagan
94.7%
USS Nimitz
94.5%
USS Enterprise
94.1%
USS Midway
93.1%
USS Kitty Hawk
92.7%
USS Intrepid
90.9%
USS Saratoga
89.7%
USS Carl Vinson
88.4%
USS Ranger
87.5%
USS Forrestal
87%
USS Constellation
86.7%
USS Coral Sea
84.9%
USS America
84.3%
% Correct
USS Philippine Sea
81.3%
USS Ticonderoga
81.3%
USS Bennington
77.2%
USS Kearsarge
76.5%
USS Antietam
75.4%
USS Bon Homme Richard
75.1%
USS Bataan
74.2%
USS Oriskany
73.5%
USS Randolph
73.1%
USS United States
71.7%
USS San Jacinto
69.2%
USS Cowpens
65.5%
USS Cabot
61.6%
USS Shangri-la
59.8%
USS Reprisal
51.2%

You're not logged in!

Compare scores with friends on all Sporcle quizzes.
Join for Free
OR
Log In

You Might Also Like...

Show Comments

Extras

Top Quizzes Today


Score Distribution

Your Account Isn't Verified!

In order to create a playlist on Sporcle, you need to verify the email address you used during registration. Go to your Sporcle Settings to finish the process.

Report this User

Report this user for behavior that violates our Community Guidelines.

Details: